| 000 | 00000nas##2200000za#4500 |
| 001 | 9.511473 |
| 003 | CaOODSP |
| 005 | 20200923134509 |
| 007 | ta |
| 008 | 150406c2004||||xxc|| p #||||f| |0fre|d |
| 040 | |aCaOODSP|bfre |
| 041 | |aeng |
| 041 | |afre |
| 043 | |an-cn--- |
| 086 | 1 |aNS1-19 |
| 110 | 2 |aConseil de recherches en sciences naturelles et en génie du Canada. |
| 245 | 10|aChaires de recherche du Canada, rapport de synthèse au ministre |
| 260 | |aOttawa - Ontario : |bConseil de recherches en sciences naturelles et en génie |
| 310 | |aAnnuel |
| 362 | 1 |aJanvier 2002 à mars 2003 -- |
| 563 | |aReliure à spirale |
| 691 | 07|aRecherche scientifique|2gcpds |
| 776 | 0#|tProgramme des coûts indirects, rapport au ministre |w(CaOODSP)9.501804 |
| 776 | 0#|tIndirect Costs Program, briefing report to the Minister |w(CaOODSP)9.505405 |
| 791 | |tCanada Research Chairs briefing report to the Minister |eeng|w(CaOODSP)9.511472 |